Normal view
MARC view
- Kramer, Arthur D.,
Entry Personal Name
001 - CONTROL NUMBER
- control field: 102245
003 - CONTROL NUMBER IDENTIFIER
- control field: NUST
005 - DATE AND TIME OF LATEST TRANSACTION
- control field: 20221102123244.0
008 - FIXED-LENGTH DATA ELEMENTS
- fixed length control field: 221102|| aca||aabn | a|a d
040 ## - CATALOGING SOURCE
- Original cataloging agency: NUST
- Transcribing agency: NUST
100 ## - HEADING--PERSONAL NAME
- Personal name: Kramer, Arthur D.,
- Dates associated with a name: 1940-
670 ## - SOURCE DATA FOUND
- Source citation: Work cat.: (NUST)180079: Kramer, Arthur D., 102244, Fundamentals of technical mathematics with calculus / , c1984.
